000 00553nam a2200205Ia 4500
003 OSt
005 20220926041217.0
006 a|||||r|||| 00| 0
007 ta
008 220923b |||||||| |||| 00| 0 eng d
037 _cGeneral Book
040 _aRTL
_cRTL
_beng
041 _2eng
_aeng
082 _aY1:356.N1, F4
100 _aEichler Lillian
_9344642
245 0 _aCustoms of mankind
_b With notes on modern etiquette
260 _c1924
942 _hY1:356.N1, F4
_cGB
_2CC
999 _c666628
_d666628